000 01090 a2200241 4500
005 20081104113136.0
008 081104t xxu||||| |||| 00| 0 eng d
010 _aUR-7359
020 _a818223266-x
_c100.00
035 _aU-5914
037 _bD.B.Act / Pub
082 _a840.9
100 _aسکسينہ رام بابو
245 _aتا ريخ ادب اردومع تعليقا ت/متر جم مرزا محمد عسکری
_cرام بابو سکسينہ
246 _aTareekh-E-Adab Urdu Ma Taliqat
_bby Ram Babu Saxena
260 _aدھلی
_bايجو کيشنل پبليشنگ ہا ؤس
_c2007
270 _a3108،وکيل اسٹر يٹ کو چہ پنڈ ت لال کنو اں
_bدھلی
_e110006
_k23216162
_l009101123211540
_mephdelhi@yahoo.com
300 _a580p
_c22cm (Pbk)
650 _aUrdu Literature
650 _aاردو لٹر يچر
942 _adpl
_cUR
_2ddc
_h840.9
_mس ک س
999 _c5375
_d5375